000 00540cam a2200229 4500
001 B1770
008 090401t1988 xxu||||| |||| 00| 0 eng d
035 _a(Sirsi) u46338
041 _aeng
050 _a333.337
110 _aChesterton
_92357
245 4 _aThe M3/M4 triangle office and high tech property survey
260 _aLondon
_bChesterton
_c1988
300 _a14p. : ill. ; 30cm.
350 _a0
650 _aHIGH TECHNOLOGY
650 _aM3
650 _aM4
650 _aOFFICES
942 _n0
948 _c04/03/1997
999 _c91912
_d91912